Киевская Псалтирь 1397 года: из Государственной Публичной библиотеки имени М. Е. Салтыкова-Щедрина в Ленинграде [олдп F 6]; Исследование о Киевской Псалтири

書誌詳細
要約:В суперобложке
В одном футляре с 79-319.
Издание является первой полной публикацией Киевской Псалтири 1397 г.
言語:教会スラブ語
出版事項: Москва, Искусство, 1978
版:Факсимильное изд.
主題:
フォーマット: 図書
KOHA link:https://koha.lib.tpu.ru/cgi-bin/koha/opac-detail.pl?biblionumber=181254

MARC

LEADER 00000nam0a2200000 4500
001 181254
005 20231031171019.0
035 |a (RuTPU)RU\TPU\book\196486 
090 |a 181254 
100 |a 20100604e1978 m y0rusy50 ca 
101 0 |a chu 
102 |a RU 
105 |a ao w 000zy 
200 1 |a Киевская Псалтирь 1397 года  |e из Государственной Публичной библиотеки имени М. Е. Салтыкова-Щедрина в Ленинграде [олдп F 6] 
205 |a Факсимильное изд. 
210 |a Москва  |c Искусство  |d 1978 
215 |a [458] с.  |c ил. 
300 |a В суперобложке 
300 |a В одном футляре с 79-319. 
300 |a Издание является первой полной публикацией Киевской Псалтири 1397 г. 
421 1 |0 (RuTPU)RU\TPU\book\196488  |t Исследование о Киевской Псалтири  |f Г. В. Вздорнов  |c М.  |n Искусство  |d 1978  |p 171 с.  |a Вздорнов, Герольд Иванович 
610 1 |a религиозная литература 
610 1 |a древнерусские рукописи 
610 1 |a Псалтырь 
610 1 |a книжные памятники 
610 1 |a памятники письменности 
686 |a Ч611.68  |v LBC/SL-A  |2 rubbk 
801 1 |a RU  |b 63413507  |c 20100604 
801 2 |a RU  |b 63413507  |c 20100604  |g RCR 
942 |c BK